Fr. Conceicao Rodrigues College of Engineering

Color T.V. Servicing (Record no. 31700)

MARC details
000 -LEADER
fixed length control field 00293nam a2200133Ia 4500
100 ## - MAIN ENTRY--PERSONAL NAME
Personal name kING/ g.j.
245 ## - TITLE STATEMENT
Title Color T.V. Servicing
260 ## - PUBLICATION, DISTRIBUTION, ETC.
Name of publisher, distributor, etc. Newres Butterworths
Place of publication, distribution, etc. London
Date of publication, distribution, etc. 1979
300 ## - PHYSICAL DESCRIPTION
Extent 342
546 ## - LANGUAGE NOTE
Language note ENGLISH
650 ## - SUBJECT ADDED ENTRY--TOPICAL TERM
Topical term or geographic name entry element Electrical Engineering
654 ## - SUBJECT ADDED ENTRY--FACETED TOPICAL TERMS
Focus term T.V.
942 ## - ADDED ENTRY ELEMENTS (KOHA)
Koha item type BOOK
Holdings
Withdrawn status Lost status Damaged status Not for loan Collection Home library Current library Date acquired Source of acquisition Cost, normal purchase price Inventory number Total Checkouts Full call number Barcode Date last seen Cost, replacement price Price effective from Koha item type
        AFT Fr. Agnel's C.Rodrigues College of Engineering Fr. Agnel's C.Rodrigues College of Engineering 17/03/2023 UBS 143.65 T-157   AFT3283 17/03/2023 143.65 17/03/2023 BOOK